[Event "Mercredi 2023.01.11 ABCD"]
[Site "Montreal CAN"]
[Date "2023.01.18"]
[Round "2"]
[White "Bain-Thouvarez, Aurelien"]
[Black "Baran, Marius"]
[Result "1-0"]
[WhiteElo "1797"]
[BlackElo "1744"]
[PlyCount "55"]
[EventDate "2023.01.11"]
[EventType "tourn"]
[EventRounds "5"]
[EventCountry "CAN"]

1. Nf3 d5 2. g3 Nf6 3. Bg2 c5 4. O-O Nc6 5. d4 e6 6. c4 dxc4 7. Qa4 Qa5 8. Qxc4
Qb4 9. Qxb4 Nxb4 10. Nc3 Bd7 11. Ne5 Nc2 12. Nxd7 Nxd7 13. Bf4 cxd4 14. Rac1 e5
15. Rxc2 Rc8 16. Rfc1 dxc3 17. Be3 Bb4 18. a3 Ba5 19. b4 Bd8 20. Bxb7 Rc7 21.
Ba6 O-O 22. Rxc3 Rxc3 23. Rxc3 Nb6 24. Bc5 Re8 25. Bb5 Re6 26. a4 g6 27. a5 Nc8
28. Bd7 1-0

[Event "Mercredi 2023.01.11 ABCD"]
[Site "Montreal CAN"]
[Date "2023.01.18"]
[Round "2"]
[White "Barko, Maxim"]
[Black "Genzling, Jerome"]
[Result "0-1"]
[WhiteElo "2051"]
[BlackElo "2057"]
[PlyCount "66"]
[EventDate "2023.01.11"]
[EventType "tourn"]
[EventRounds "5"]
[EventCountry "CAN"]

1. e4 c5 2. Nf3 Nc6 3. Bb5 g6 4. O-O Bg7 5. c3 Nf6 6. Qe2 O-O 7. Rd1 a6 8. Bxc6
bxc6 9. d3 d6 10. h3 e5 11. Na3 Re8 12. Bg5 Qc7 13. Nc2 Rb8 14. Rdb1 a5 15. a4
Ba6 16. Nd2 d5 17. Bxf6 Bxf6 18. Ne3 c4 19. exd5 cxd3 20. Qf3 Bg7 21. dxc6 f5
22. Qd5+ Kh8 23. Qc5 Bb7 24. b4 axb4 25. cxb4 Qxc6 26. Qxc6 Bxc6 27. b5 Ba8 28.
Ra3 f4 29. Nec4 e4 30. Re1 Bf8 31. Rb3 Bc5 32. b6 e3 33. f3 exd2+ 0-1

[Event "Mercredi 2023.01.11 ABCD"]
[Site "Montreal CAN"]
[Date "2023.01.18"]
[Round "2"]
[White "Batorshyn, Ilia"]
[Black "Latorre, Vincent"]
[Result "0-1"]
[WhiteElo "2164"]
[BlackElo "2196"]
[PlyCount "78"]
[EventDate "2023.01.11"]
[EventType "tourn"]
[EventRounds "5"]
[EventCountry "CAN"]

1. d4 Nf6 2. c4 e6 3. Nf3 Bb4+ 4. Bd2 Qe7 5. e3 O-O 6. Bd3 Bxd2+ 7. Qxd2 d6 8.
Nc3 e5 9. Bc2 Nbd7 10. O-O h6 11. Qd3 g6 12. Rad1 Re8 13. e4 exd4 14. Qxd4 Ne5
15. Nxe5 dxe5 16. Qd2 Kg7 17. Nd5 Nxd5 18. cxd5 Bd7 19. Qc3 Qd6 20. Rc1 c6 21.
Bb3 Rac8 22. Qa5 c5 23. Qxa7 Bb5 24. Rfe1 b6 25. f4 Ra8 26. fxe5 Qd8 27. Qb7
Re7 28. Qxa8 Qxa8 29. e6 fxe6 30. d6 Re8 31. e5 Bd7 32. Rc3 Rf8 33. a4 Qe8 34.
a5 bxa5 35. Rxc5 Qf7 36. Rc2 Qf4 37. Rce2 Bb5 38. g3 Qd4+ 39. Re3 Rf3 0-1

[Event "Mercredi 2023.01.11 ABCD"]
[Site "Montreal CAN"]
[Date "2023.01.18"]
[Round "2"]
[White "Cardin, Guillaume"]
[Black "Have, Didier"]
[Result "1-0"]
[WhiteElo "2049"]
[BlackElo "2088"]
[PlyCount "171"]
[EventDate "2023.01.11"]
[EventType "tourn"]
[EventRounds "5"]
[EventCountry "CAN"]

1. d4 Nf6 2. c4 c5 3. d5 b5 4. cxb5 a6 5. bxa6 Bxa6 6. Nc3 d6 7. e4 Bxf1 8.
Kxf1 g6 9. Nf3 Qc8 10. h3 Bg7 11. g3 O-O 12. Kg2 Nbd7 13. a4 Qb7 14. Qe2 Ra6
15. Ra3 Rfa8 16. b3 Ne8 17. Nb5 Nc7 18. Nxc7 Qxc7 19. Bb2 Bxb2 20. Qxb2 Qb7 21.
Qc3 Rc8 22. Nd2 e6 23. dxe6 fxe6 24. Re1 Rf8 25. Kg1 Ne5 26. f4 Nc6 27. Nf3 Nb4
28. Raa1 Qb6 29. Kg2 h6 30. Nh4 Kh7 31. Qc4 Rf6 32. Qc3 Rf7 33. Rad1 Qb7 34.
Kh2 Qe7 35. Nf3 Qb7 36. Nd2 d5 37. exd5 exd5 38. Qf3 Nc2 39. Re5 Rd6 40. Nc4
Rdd7 41. Rexd5 Nd4 42. R1xd4 cxd4 43. Rxd7 Qxf3 44. Rxf7+ Kg8 45. Rd7 d3 46.
Rd8+ Kg7 47. Rd7+ Kf8 48. a5 Qe2+ 49. Kg1 Qd1+ 50. Kf2 Qxb3 51. Nd2 Qc3 52. Ke3
Qc5+ 53. Rd4 Qxa5 54. Rxd3 Qc5+ 55. Rd4 Qa3+ 56. Rd3 Qa7+ 57. Ke2 Qb7 58. h4
Qg2+ 59. Kd1 Qg1+ 60. Kc2 Qg2 61. Re3 Qc6+ 62. Kd1 Qc5 63. Ke2 Qb5+ 64. Kf2 Qa5
65. Nf3 Qc5 66. Ne5 Qc2+ 67. Kf3 Qd1+ 68. Ke4 Qc2+ 69. Rd3 Qg2+ 70. Kd4 Qb2+
71. Kd5 Qb5+ 72. Ke6 Qb6+ 73. Rd6 Qc7 74. Nxg6+ Kg8 75. f5 Qc4+ 76. Kf6 Qf7+
77. Ke5 Qg7+ 78. Ke4 Qb7+ 79. Rd5 Qb1+ 80. Ke5 Qb2+ 81. Ke6 Qb6+ 82. Rd6 Qb3+
83. Ke7 Qb7+ 84. Rd7 Qb4+ 85. Ke8 Qe4+ 86. Ne7+ 1-0

[Event "Mercredi 2023.01.11 ABCD"]
[Site "Montreal CAN"]
[Date "2023.01.18"]
[Round "2"]
[White "Chapdelaine, Gwyn"]
[Black "Singher, Jean-Pierre"]
[Result "0-1"]
[WhiteElo "1973"]
[BlackElo "1960"]
[PlyCount "42"]
[EventDate "2023.01.11"]
[EventType "tourn"]
[EventRounds "5"]
[EventCountry "CAN"]

1. e4 c5 2. Nf3 Nc6 3. d4 cxd4 4. Nxd4 e5 5. Nb3 Nf6 6. Bg5 h6 7. Bxf6 Qxf6 8.
Nc3 Bb4 9. Qd3 O-O 10. f3 d5 11. O-O-O Bxc3 12. Qxc3 dxe4 13. fxe4 Bg4 14. Re1
Rac8 15. Bd3 a5 16. Kb1 Nb4 17. Qd2 Qb6 18. a3 Nxd3 19. Qxd3 Rfd8 20. Qe3 Rd1+
21. Nc1 Qxe3 0-1

[Event "Mercredi 2023.01.11 ABCD"]
[Site "Montreal CAN"]
[Date "2023.01.18"]
[Round "2"]
[White "Cote, Etienne"]
[Black "Beaulieu, Pierre"]
[Result "1/2-1/2"]
[WhiteElo "1797"]
[BlackElo "1853"]
[PlyCount "124"]
[EventDate "2023.01.11"]
[EventType "tourn"]
[EventRounds "5"]
[EventCountry "CAN"]

1. e4 b6 2. d4 Bb7 3. Bd3 d6 4. Qe2 Nd7 5. Nf3 e5 6. c3 Ngf6 7. O-O Be7 8. Rd1
Qc8 9. Nbd2 O-O 10. Nf1 Re8 11. d5 Nc5 12. Bc2 a5 13. Ng3 Ba6 14. Qe1 Bf8 15.
b4 Ncd7 16. Nf5 axb4 17. cxb4 c5 18. dxc6 Qxc6 19. Bb3 Qxe4 20. Qxe4 Nxe4 21.
Bd5 Nc3 22. Bxa8 Rxa8 23. Re1 Bd3 24. Ng3 Bb5 25. a3 g6 26. Bd2 Na4 27. Ne4 Nb2
28. Nc3 Bc6 29. Bc1 Nd3 30. Rd1 Nxb4 31. Rb1 Nc2 32. Nd5 Nxa3 33. Bxa3 Bxd5 34.
Bxd6 Bxf3 35. gxf3 Ra7 36. Bxf8 Kxf8 37. Rb4 Ke7 38. f4 f6 39. fxe5 fxe5 40.
Kg2 Ra5 41. Kf3 Ke6 42. Kg4 h6 43. h4 Ra6 44. Rdb1 Nf6+ 45. Kg3 Nd5 46. Rb5
Ra3+ 47. R1b3 Ra6 48. h5 g5 49. Kf3 Nf6 50. Rxb6+ Rxb6 51. Rxb6+ Kf5 52. Ra6
g4+ 53. Ke3 Nd5+ 54. Kd2 Nf6 55. Kd3 Kg5 56. Ra5 Kf4 57. Ra6 Kf5 58. Ke3 Kg5
59. Ra5 Kf5 60. Ra6 Nd5+ 61. Kd2 Nf6 62. Ke3 Kg5 1/2-1/2

[Event "Mercredi 2023.01.11 ABCD"]
[Site "Montreal CAN"]
[Date "2023.01.18"]
[Round "2"]
[White "Deboosere, Adam"]
[Black "Boileau, Dominic"]
[Result "1-0"]
[WhiteElo "1792"]
[BlackElo "1790"]
[PlyCount "125"]
[EventDate "2023.01.11"]
[EventType "tourn"]
[EventRounds "5"]
[EventCountry "CAN"]

1. d4 Nf6 2. Nf3 d5 3. e3 c5 4. c4 cxd4 5. exd4 Nc6 6. h3 g6 7. Nc3 Bg7 8. Bg5
Ne4 9. Be3 Nxc3 10. bxc3 dxc4 11. Bxc4 O-O 12. O-O Bf5 13. Bf4 Rc8 14. Rc1 Na5
15. Be2 Be6 16. Qd2 Bc4 17. Ne5 Bxe5 18. Bxe5 Bxe2 19. Qxe2 Qd5 20. Bf4 Rfe8
21. Rfd1 Nc4 22. Rb1 Rc6 23. Rxb7 Rf6 24. Rb4 Nb6 25. Be5 Re6 26. Qb5 Rd8 27.
Bc7 Qxb5 28. Rxb5 Rc8 29. Bxb6 axb6 30. Rb3 Re2 31. Ra3 Rc2 32. Rd3 Rc6 33. Rf3
Rc1+ 34. Kh2 h5 35. h4 Kf8 36. g3 Ke8 37. Kg2 Re6 38. Rf4 f5 39. d5 Ree1 40.
Rb4 Rcd1 41. c4 Rc1 42. Rxb6 Rxc4 43. Rxg6 Kf7 44. Rg5 Kf6 45. Ra6+ e6 46. Rxh5
Kg6 47. Rg5+ Kf6 48. Rxe6+ Rxe6 49. dxe6 Re4 50. Rg8 Ra4 51. Re8 Ra3 52. e7 Ra5
53. Rg8 Kxe7 54. Rg5 Re5 55. g4 Re4 56. f3 Re2+ 57. Kf1 Rh2 58. Rxf5 Rxh4 59.
Kg2 Ke6 60. Kg3 Rh1 61. Kf4 Ra1 62. Kg5 Re1 63. Rf6+ 1-0

[Event "Mercredi 2023.01.11 ABCD"]
[Site "Montreal CAN"]
[Date "2023.01.18"]
[Round "2"]
[White "Landry, Sylvain"]
[Black "Plante, Michel"]
[Result "1/2-1/2"]
[WhiteElo "1936"]
[BlackElo "1936"]
[PlyCount "76"]
[EventDate "2023.01.11"]
[EventType "tourn"]
[EventRounds "5"]
[EventCountry "CAN"]

1. e4 e6 2. d4 d5 3. Nc3 Bb4 4. e5 Ne7 5. a3 Bxc3+ 6. bxc3 c5 7. Qg4 Qc7 8. Bd3
cxd4 9. Ne2 Nbc6 10. cxd4 Bd7 11. O-O O-O-O 12. a4 Nf5 13. Ba3 h5 14. Qf3 Na5
15. Bxf5 exf5 16. Bd6 Qc6 17. Nc3 Be6 18. Nb5 Kd7 19. Nxa7 Qa6 20. Nb5 Rc8 21.
c3 h4 22. Ra2 h3 23. g3 g5 24. Rb1 Nc4 25. Qd1 f4 26. Qf3 f5 27. Re1 fxg3 28.
fxg3 f4 29. Qd3 Ne3 30. Rxe3 fxe3 31. Qxe3 g4 32. Qg5 Rhe8 33. Qg7+ Kc6 34. Nc7
Qd3 35. Rf2 Qd1+ 36. Rf1 Qe2 37. Rf2 Qe1+ 38. Rf1 Qe2 1/2-1/2

[Event "Mercredi 2023.01.11 ABCD"]
[Site "Montreal CAN"]
[Date "2023.01.18"]
[Round "2"]
[White "Lebeau, Gilbert"]
[Black "Lima-Barbosa, Raphael"]
[Result "0-1"]
[WhiteElo "1939"]
[BlackElo "1860"]
[PlyCount "80"]
[EventDate "2023.01.11"]
[EventType "tourn"]
[EventRounds "5"]
[EventCountry "CAN"]

1. d4 Nf6 2. c4 g6 3. Nc3 Bg7 4. e4 d6 5. h3 O-O 6. Nf3 e5 7. d5 Na6 8. Bg5 h6
9. Be3 Nh5 10. Qd2 Kh7 11. g4 Nf4 12. O-O-O f5 13. gxf5 gxf5 14. Bxf4 exf4 15.
Bd3 Nc5 16. Bc2 Bxc3 17. Qxc3 fxe4 18. Rhg1 Qf6 19. Nd4 a5 20. f3 Bd7 21. fxe4
Qe5 22. Rdf1 Rg8 23. Nf3 Qxc3 24. bxc3 Bxh3 25. e5+ Kh8 26. Re1 Bg2 27. e6 Bxf3
28. Rgf1 Bh5 29. Rxf4 Rg5 30. Rf6 Kg7 31. Ref1 Re8 32. Kb2 c6 33. Rf7+ Bxf7 34.
Rxf7+ Kh8 35. Bf5 cxd5 36. cxd5 Rg7 37. Rf6 Ree7 38. Rxh6+ Kg8 39. Rf6 Rg5 40.
c4 Kg7 0-1

[Event "Mercredi 2023.01.11 ABCD"]
[Site "Montreal CAN"]
[Date "2023.01.18"]
[Round "2"]
[White "Sekki, Abderaouf"]
[Black "Di Matteo, Alessio"]
[Result "0-1"]
[WhiteElo "1959"]
[BlackElo "1944"]
[PlyCount "114"]
[EventDate "2023.01.11"]
[EventType "tourn"]
[EventRounds "5"]
[EventCountry "CAN"]

1. d4 Nf6 2. c4 e6 3. Nf3 Bb4+ 4. Nbd2 b6 5. g3 Bb7 6. Bg2 O-O 7. O-O Bxd2 8.
Qxd2 d6 9. b3 Nbd7 10. Bb2 Re8 11. Rfd1 a5 12. Qc2 Qe7 13. a3 Be4 14. Qc3 h6
15. Bh3 Qf8 16. Nd2 Bb7 17. f3 e5 18. d5 Nc5 19. e4 Bc8 20. Bxc8 Rexc8 21. Qc2
Qe8 22. Re1 Nh5 23. Rad1 Qd7 24. Kg2 Qe7 25. Nf1 Rf8 26. Bc1 a4 27. b4 Nb3 28.
Be3 Qf6 29. Qd3 Qg6 30. g4 Nf4+ 31. Bxf4 exf4 32. Nd2 Nxd2 33. Qxd2 Qg5 34. Qf2
h5 35. h3 f6 36. Rc1 Rfb8 37. Qd2 Kf7 38. Qf2 Rb7 39. Rc2 Rab8 40. Rec1 Qe5 41.
Qd2 Rh8 42. Rh1 Rbb8 43. Rcc1 Rh7 44. Qc3 Qg5 45. c5 bxc5 46. bxc5 Qh4 47. cxd6
Qg3+ 48. Kf1 Rb3 49. dxc7 Rh8 50. d6 Rxc3 51. Rxc3 Ke6 52. c8=Q+ Rxc8 53. Rxc8
Qxf3+ 54. Kg1 Qe3+ 55. Kf1 Qd3+ 56. Kg1 Qd1+ 57. Kg2 f3+ 0-1

[Event "Mercredi 2023.01.11 ABCD"]
[Site "Montreal CAN"]
[Date "2023.01.18"]
[Round "2"]
[White "Tremblay, Alain"]
[Black "Voskanyan, Vahagn"]
[Result "1/2-1/2"]
[WhiteElo "2151"]
[BlackElo "2140"]
[PlyCount "93"]
[EventDate "2023.01.11"]
[EventType "tourn"]
[EventRounds "5"]
[EventCountry "CAN"]

1. Nf3 f5 2. g3 b6 3. Bg2 Bb7 4. d4 Nf6 5. c4 e6 6. O-O Be7 7. d5 Qc8 8. Nc3
Na6 9. Bf4 O-O 10. Nd4 Nc5 11. Ncb5 Bd8 12. Rc1 a6 13. Nc3 a5 14. Nb3 Nxb3 15.
axb3 d6 16. dxe6 Bxg2 17. Kxg2 Qxe6 18. Nb5 h6 19. Be3 Rf7 20. h3 Qd7 21. Qd3
Be7 22. Nc3 Re8 23. Rfd1 Bf8 24. Bd4 Qc6+ 25. f3 Nh5 26. Bf2 g6 27. Rd2 Bg7 28.
Qd5 Qd7 29. Qd3 Rfe7 30. Nd5 Rf7 31. Bd4 Be5 32. Bxe5 Rxe5 33. Re1 Qe8 34. e4
Nf6 35. Rde2 Nxd5 36. exd5 Rfe7 37. Kf2 Kf7 38. Re3 Qf8 39. f4 Rxe3 40. Rxe3
Rxe3 41. Qxe3 Qe8 42. Qd2 Kg7 43. Qd4+ Kf8 44. Qe3 Qd7 45. Qd4 Qe8 46. Qe3
Qxe3+ 47. Kxe3 1/2-1/2

[Event "Mercredi 2023.01.11 ABCD"]
[Site "Montreal CAN"]
[Date "2023.01.25"]
[Round "3"]
[White "Baran, Marius"]
[Black "Cote, Etienne"]
[Result "1-0"]
[WhiteElo "1744"]
[BlackElo "1797"]
[PlyCount "89"]
[EventDate "2023.01.11"]
[EventType "tourn"]
[EventRounds "5"]
[EventCountry "CAN"]

1. d4 Nf6 2. Nf3 g6 3. c4 Bg7 4. Nc3 O-O 5. Bg5 h6 6. Bh4 d6 7. e3 Nbd7 8. Be2
c5 9. d5 Qa5 10. O-O g5 11. Bg3 Nh5 12. Qc2 Nxg3 13. hxg3 a6 14. Rac1 b5 15.
cxb5 Nb6 16. Rfd1 axb5 17. Nxb5 Qxa2 18. Nc3 Qa5 19. Nd2 Bd7 20. Qe4 f5 21.
Qxe7 Rf7 22. Qxd6 Nc8 23. Qg6 Rf6 24. Qh5 Qb4 25. Nc4 Nd6 26. Nxd6 Rxd6 27. Rb1
Be8 28. Qf3 Bg6 29. Bd3 Rf8 30. Qe2 Re8 31. Qc2 Rf8 32. Ra1 c4 33. Be2 f4 34.
Qc1 fxg3 35. fxg3 Be5 36. Ra4 Qb8 37. Bxc4 Bxg3 38. Rf1 Rdf6 39. Rxf6 Rxf6 40.
d6+ Kg7 41. Nb5 Bf2+ 42. Kh1 Qe8 43. Ra7+ Kh8 44. Re7 Qc6 45. Qc3 1-0

[Event "Mercredi 2023.01.11 ABCD"]
[Site "Montreal CAN"]
[Date "2023.01.25"]
[Round "3"]
[White "Beaulieu, Pierre"]
[Black "Deboosere, Adam"]
[Result "1/2-1/2"]
[WhiteElo "1853"]
[BlackElo "1792"]
[PlyCount "108"]
[EventDate "2023.01.11"]
[EventType "tourn"]
[EventRounds "5"]
[EventCountry "CAN"]

1. g3 h5 2. d4 c5 3. d5 Nf6 4. Nc3 e6 5. dxe6 fxe6 6. Qd3 Qe7 7. Bf4 a6 8. Bg2
d5 9. Nf3 Nc6 10. Nh4 Nb4 11. Qg6+ Qf7 12. a3 Qxg6 13. Nxg6 Nxc2+ 14. Kd1 Nxa1
15. Nxh8 Nb3 16. e3 Na5 17. Ng6 Be7 18. Na4 Nd7 19. Bf3 b5 20. Nc3 Nc4 21. Nxe7
Kxe7 22. Bg5+ Kd6 23. Kc2 g6 24. Nb1 Bb7 25. Bg2 Rf8 26. Rf1 Kc7 27. b3 Nce5
28. h3 Rf7 29. f4 Nc6 30. Nd2 Ne7 31. g4 hxg4 32. hxg4 Nc6 33. Rh1 d4 34. e4 e5
35. f5 gxf5 36. gxf5 Rg7 37. Rh5 Nd8 38. Bh3 Nf7 39. Be7 Nd6 40. f6 Rf7 41.
Bxd7 Kxd7 42. Rxe5 c4 43. bxc4 bxc4 44. a4 c3 45. Nf3 Bxe4+ 46. Rxe4 Nxe4 47.
Ne5+ Ke6 48. Nxf7 Kxf7 49. Kd3 Nxf6 50. Bc5 c2 51. Kxc2 Ke6 52. Bxd4 Nd5 53.
Kb3 Kd6 54. Kc4 Kc6 1/2-1/2

[Event "Mercredi 2023.01.11 ABCD"]
[Site "Montreal CAN"]
[Date "2023.01.25"]
[Round "3"]
[White "Boileau, Dominic"]
[Black "Bain-Thouvarez, Aurelien"]
[Result "0-1"]
[WhiteElo "1790"]
[BlackElo "1797"]
[PlyCount "77"]
[EventDate "2023.01.11"]
[EventType "tourn"]
[EventRounds "5"]
[EventCountry "CAN"]

1. d4 d5 2. c4 c6 3. Nc3 Nf6 4. g3 g6 5. Bg2 Bg7 6. Nf3 O-O 7. O-O Ne4 8. Bf4
Nxc3 9. bxc3 dxc4 10. e4 b5 11. Rc1 Bb7 12. Re1 Nd7 13. e5 Nb6 14. e6 f6 15. h4
Nd5 16. h5 Nxf4 17. gxf4 c5 18. hxg6 hxg6 19. Nh4 Bxg2 20. Kxg2 Qd5+ 21. Qf3
Qxf3+ 22. Kxf3 cxd4 23. Nxg6 Rfe8 24. cxd4 Rad8 25. Red1 Rd5 26. Ke4 Rh5 27. f5
Rh2 28. Rc2 Bf8 29. d5 Rg2 30. d6 exd6 31. Nxf8 Kxf8 32. Rxd6 Re7 33. Kd4 Rc7
34. Kc3 a5 35. Rcd2 b4+ 36. Kc2 c3 37. Rd8+ Ke7 38. R8d7+ Rxd7 39. Rxd7+ {...}
0-1

[Event "Mercredi 2023.01.11 ABCD"]
[Site "Montreal CAN"]
[Date "2023.01.25"]
[Round "3"]
[White "Di Matteo, Alessio"]
[Black "Lebeau, Gilbert"]
[Result "1-0"]
[WhiteElo "1944"]
[BlackElo "1939"]
[PlyCount "147"]
[EventDate "2023.01.11"]
[EventType "tourn"]
[EventRounds "5"]
[EventCountry "CAN"]

1. d4 d5 2. c4 c6 3. Nf3 Nf6 4. Nc3 dxc4 5. a4 Bf5 6. Ne5 Nbd7 7. Nxc4 Qc7 8.
g3 e5 9. dxe5 Nxe5 10. Bf4 Nfd7 11. Bg2 f6 12. O-O Rd8 13. Nxe5 Nxe5 14. Qb3
Qf7 15. Qxf7+ Kxf7 16. Rfd1 Bb4 17. Na2 Be7 18. a5 a6 19. Rdc1 Be6 20. Nc3 g5
21. Bxe5 fxe5 22. Rd1 Bb3 23. Rd3 Rxd3 24. exd3 Rd8 25. Be4 h6 26. Kf1 g4 27.
Ke2 Kf6 28. f3 gxf3+ 29. Bxf3 Kg7 30. Be4 Rf8 31. g4 Rf4 32. h3 Bc5 33. Bf3 Rb4
34. Ne4 Bd4 35. Nc3 Be6 36. Nd1 Bxb2 37. Rb1 Ba3 38. Ra1 Rb3 39. h4 Bb4 40. Ne3
Rb2+ 41. Kf1 Bc5 42. Nd1 Rh2 43. h5 Kf6 44. Rb1 Bc8 45. Nc3 Bd4 46. Ne4+ Ke7
47. Bg2 Kd7 48. Nd2 Rh4 49. Nf3 Rxg4 50. Bh3 Kc7 51. Bxg4 Bxg4 52. Nxd4 exd4
53. Rb4 Bxh5 54. Rxd4 Be8 55. Kf2 h5 56. Ke3 Bd7 57. Rf4 b5 58. Kd4 Kd6 59.
Rf6+ Be6 60. Rh6 c5+ 61. Kc3 b4+ 62. Kb2 Kd5 63. Rxh5+ Kd6 64. Rh8 Bd7 65. Rh6+
Be6 66. Kc2 Ke5 67. Rh8 Kd6 68. Rb8 Kc7 69. Rb6 Bd7 70. Rxa6 Ba4+ 71. Kd2 Bc6
72. Rb6 Bd5 73. d4 cxd4 74. Rxb4 1-0

[Event "Mercredi 2023.01.11 ABCD"]
[Site "Montreal CAN"]
[Date "2023.01.25"]
[Round "3"]
[White "Genzling, Jerome"]
[Black "Chapdelaine, Gwyn"]
[Result "1-0"]
[WhiteElo "2057"]
[BlackElo "1973"]
[PlyCount "117"]
[EventDate "2023.01.11"]
[EventType "tourn"]
[EventRounds "5"]
[EventCountry "CAN"]

1. e4 e5 2. Nf3 Nc6 3. d4 exd4 4. Bc4 Nf6 5. e5 d5 6. Bb5 Ne4 7. Nxd4 Bd7 8.
Bxc6 bxc6 9. O-O Qh4 10. f3 Nc5 11. Nc3 Ne6 12. Be3 Bc5 13. Nce2 Nxd4 14. Nxd4
O-O 15. Qd2 Rfe8 16. f4 Bxd4 17. Bxd4 Bf5 18. Rae1 Re6 19. Qf2 Qh5 20. Re3 Rh6
21. h3 Rg6 22. Kh2 Rb8 23. b3 a5 24. Rg1 Rb4 25. Rc3 Rh6 26. a3 Rb5 27. Rg3 Rg6
28. Rxg6 Qxg6 29. g4 Be4 30. f5 Qg5 31. e6 c5 32. Be3 Qe7 33. a4 Rb8 34. Bxc5
Qf6 35. e7 Re8 36. Rd1 Rxe7 37. Bxe7 Qxe7 38. c4 c6 39. Qf4 h6 40. cxd5 cxd5
41. Rc1 Qb4 42. Qe3 Qd6+ 43. Kg1 Qe5 44. Rc5 Qb2 45. Kf1 Qg2+ 46. Ke1 Qh1+ 47.
Kd2 Qg2+ 48. Kc1 Qa2 49. Qc3 Qe2 50. Rxa5 d4 51. Qd2 Qf1+ 52. Kb2 d3 53. Re5
Bg2 54. Re8+ Kh7 55. Re3 Bxh3 56. Qxd3 Qg2+ 57. Ka3 Bxg4 58. Rg3 Be2 59. Qe3
1-0

[Event "Mercredi 2023.01.11 ABCD"]
[Site "Montreal CAN"]
[Date "2023.01.25"]
[Round "3"]
[White "Have, Didier"]
[Black "Barko, Maxim"]
[Result "1-0"]
[WhiteElo "2088"]
[BlackElo "2051"]
[PlyCount "73"]
[EventDate "2023.01.11"]
[EventType "tourn"]
[EventRounds "5"]
[EventCountry "CAN"]

1. e4 e6 2. Nf3 d5 3. Nc3 d4 4. Ne2 c5 5. c3 Nc6 6. cxd4 cxd4 7. Qa4 Bc5 8. b4
Bxb4 9. Nexd4 Qa5 10. Qxa5 Nxa5 11. Bb5+ Kf8 12. O-O a6 13. Be2 Ne7 14. Nc2 Bd6
15. d4 Bd7 16. Bd2 Nac6 17. Rab1 Rb8 18. Rfd1 Ng6 19. g3 h5 20. h4 Nce7 21. Ba5
b5 22. Ne3 Nc6 23. Bc3 Bc7 24. d5 Nce5 25. Ng5 f6 26. Bb4+ Kg8 27. Nxe6 Bxe6
28. dxe6 Kh7 29. Nf5 Rhe8 30. f4 Nc4 31. Rd7 Bb6+ 32. Kh2 Rg8 33. Bxh5 Nf8 34.
Bxf8 Rbxf8 35. Ne7 Ne3 36. Nxg8 Kxg8 37. e7 1-0

[Event "Mercredi 2023.01.11 ABCD"]
[Site "Montreal CAN"]
[Date "2023.01.25"]
[Round "3"]
[White "Latorre, Vincent"]
[Black "Adam, Rafael"]
[Result "1-0"]
[WhiteElo "2196"]
[BlackElo "2179"]
[PlyCount "57"]
[EventDate "2023.01.11"]
[EventType "tourn"]
[EventRounds "5"]
[EventCountry "CAN"]

1. e4 c6 2. d4 d5 3. f3 Qb6 4. Nc3 dxe4 5. fxe4 e5 6. dxe5 Be6 7. Bd3 Nd7 8.
Nf3 Ne7 9. Ng5 Nxe5 10. Nxe6 fxe6 11. Bf4 Nxd3+ 12. Qxd3 Ng6 13. O-O-O Rd8 14.
Qxd8+ Qxd8 15. Rxd8+ Kxd8 16. Rd1+ Ke8 17. Bc7 Bc5 18. e5 Ke7 19. Ne4 Be3+ 20.
Kb1 Rc8 21. Bd6+ Kf7 22. Rd3 Bb6 23. c4 Kg8 24. c5 Bd8 25. Ra3 Ra8 26. g3 a5
27. Rb3 Ra7 28. Bb8 a4 29. Rd3 1-0

[Event "Mercredi 2023.01.11 ABCD"]
[Site "Montreal CAN"]
[Date "2023.01.25"]
[Round "3"]
[White "Lima-Barbosa, Raphael"]
[Black "Landry, Sylvain"]
[Result "1-0"]
[WhiteElo "1860"]
[BlackElo "1936"]
[PlyCount "69"]
[EventDate "2023.01.11"]
[EventType "tourn"]
[EventRounds "5"]
[EventCountry "CAN"]

1. d4 Nf6 2. c4 g6 3. Nc3 Bg7 4. e4 d6 5. Be2 O-O 6. Be3 Nbd7 7. g4 c5 8. g5
Ne8 9. Nf3 f5 10. exf5 gxf5 11. d5 Qa5 12. Bd2 Ne5 13. Qc2 Qb6 14. h4 Bd7 15.
h5 Nxf3+ 16. Bxf3 e5 17. dxe6 Bxe6 18. O-O-O Bxc4 19. Bd5+ Bxd5 20. Nxd5 Qd8
21. h6 Bd4 22. Rde1 Rf7 23. Kb1 Nc7 24. Nf4 Bxf2 25. g6 hxg6 26. Bc3 Bxe1 27.
Rxe1 Qg5 28. Qb3 Raf8 29. h7+ Kxh7 30. Rh1+ Qh6 31. Rxh6+ Kxh6 32. Qxb7 Kg5 33.
Qf3 Rg8 34. Qg3+ Kh6 35. Qh4# 1-0

[Event "Mercredi 2023.01.11 ABCD"]
[Site "Montreal CAN"]
[Date "2023.01.25"]
[Round "3"]
[White "Singher, Jean-Pierre"]
[Black "Cardin, Guillaume"]
[Result "1/2-1/2"]
[WhiteElo "1960"]
[BlackElo "2049"]
[PlyCount "57"]
[EventDate "2023.01.11"]
[EventType "tourn"]
[EventRounds "5"]
[EventCountry "CAN"]

1. Nf3 d5 2. d4 Nf6 3. e3 c6 4. Bd3 Bg4 5. Nbd2 Nbd7 6. Qe2 e5 7. e4 Be7 8.
exd5 Nxd5 9. Nc4 Bxf3 10. Qxf3 exd4 11. Qe4 N7f6 12. Qxd4 Nb4 13. Qxd8+ Rxd8
14. Ke2 Nxd3 15. cxd3 Nd5 16. Be3 Nxe3 17. fxe3 f5 18. Rhf1 O-O 19. Rac1 g6 20.
Rc3 Rfe8 21. h3 h5 22. g4 fxg4 23. hxg4 h4 24. e4 Kg7 25. Rb3 b6 26. Ne5 Rd6
27. g5 Rf8 28. Rxf8 Kxf8 29. Nf3 1/2-1/2

[Event "Mercredi 2023.01.11 ABCD"]
[Site "Montreal CAN"]
[Date "2023.01.25"]
[Round "3"]
[White "Voskanyan, Vahagn"]
[Black "Batorshyn, Ilia"]
[Result "0-1"]
[WhiteElo "2140"]
[BlackElo "2164"]
[PlyCount "50"]
[EventDate "2023.01.11"]
[EventType "tourn"]
[EventRounds "5"]
[EventCountry "CAN"]

1. d4 Nf6 2. c4 e6 3. g3 d5 4. Bg2 Be7 5. Nc3 O-O 6. Nf3 c6 7. O-O Nbd7 8. Qd3
b6 9. cxd5 exd5 10. Bf4 Bb7 11. Rfd1 Re8 12. Rac1 Nf8 13. Ne5 Ne6 14. a3 Bd6
15. Bf3 c5 16. Nb5 Bb8 17. dxc5 Nxc5 18. Qc3 a6 19. Nd4 Nfe4 20. Bxe4 Nxe4 21.
Qb3 Bxe5 22. Bxe5 Rxe5 23. Nc6 Bxc6 24. Rxc6 Re6 25. Rxd5 Qf6 0-1

[Event "Mercredi 2023.01.11 ABCD"]
[Site "Montreal CAN"]
[Date "2023.02.01"]
[Round "4"]
[White "Bain-Thouvarez, Aurelien"]
[Black "Cote, Etienne"]
[Result "0-1"]
[WhiteElo "1797"]
[BlackElo "1797"]
[PlyCount "68"]
[EventDate "2023.01.11"]
[EventType "tourn"]
[EventRounds "5"]
[EventCountry "CAN"]

1. e4 e6 2. Qe2 c5 3. Nf3 Nc6 4. g3 d6 5. Bg2 Be7 6. O-O g5 7. h3 h5 8. c3 g4
9. hxg4 hxg4 10. Nh2 Nf6 11. Nxg4 Nxg4 12. Qxg4 Ne5 13. Qe2 c4 14. Na3 b5 15.
Nxb5 Qb6 16. Nd4 Ba6 17. Nc2 Kd7 18. Nb4 Bb7 19. d4 cxd3 20. Nxd3 Nxd3 21. Qxd3
Ba6 22. c4 Qc5 23. b3 Rag8 24. Bb2 Rh6 25. Qd4 Qc7 26. e5 Bb7 27. exd6 Bxd6 28.
c5 Bxg2 29. Rfd1 Bd5 30. Qa4+ Bc6 31. Rxd6+ Qxd6 32. Qxa7+ Qc7 33. Rd1+ Kc8 34.
Qa6+ Bb7 0-1

[Event "Mercredi 2023.01.11 ABCD"]
[Site "Montreal CAN"]
[Date "2023.02.01"]
[Round "4"]
[White "Batorshyn, Ilia"]
[Black "Adam, Rafael"]
[Result "0-1"]
[WhiteElo "2164"]
[BlackElo "2179"]
[PlyCount "142"]
[EventDate "2023.01.11"]
[EventType "tourn"]
[EventRounds "5"]
[EventCountry "CAN"]

1. e4 e5 2. Nf3 Nc6 3. d4 exd4 4. Nxd4 Bc5 5. Nb3 Bb6 6. Nc3 Nge7 7. Bg5 h6 8.
Bh4 d6 9. Be2 Be6 10. O-O Qd7 11. Kh1 g5 12. Bg3 Ng6 13. a4 a6 14. a5 Ba7 15.
Nd5 O-O-O 16. c4 f5 17. exf5 Bxf5 18. Nc1 Nge7 19. Na2 Nxd5 20. cxd5 Nd4 21.
Nb4 Nxe2 22. Qxe2 Rde8 23. Qc4 Re4 24. Qc3 Bd4 25. Qd2 Bc5 26. Nc2 Rhe8 27. Ne3
h5 28. Nxf5 Qxf5 29. Qd3 h4 30. f3 R4e5 31. Qxf5+ Rxf5 32. Be1 Rxd5 33. Bc3 Rf5
34. Rfe1 Kd7 35. Rad1 Rxe1+ 36. Rxe1 d5 37. Bd2 Bd6 38. Kg1 c5 39. h3 Be5 40.
Kf1 c4 41. Rb1 d4 42. Rc1 c3 43. bxc3 dxc3 44. Be1 Bf6 45. Rb1 Rb5 46. Rc1 Rxa5
47. Bxc3 Bxc3 48. Rxc3 Kd6 49. Rc8 b5 50. Ke2 Ra2+ 51. Kd3 Rxg2 52. Ra8 Rg3 53.
Kd4 Rxf3 54. Rxa6+ Kc7 55. Rg6 Rxh3 56. Rxg5 Kb6 57. Rh5 Ka5 58. Rh8 b4 59. Kc4
Rc3+ 60. Kd4 h3 61. Ra8+ Kb5 62. Ra7 h2 63. Rh7 Rc2 64. Kd3 b3 65. Rh4 Rg2 66.
Kc3 b2 67. Rh5+ Kc6 68. Rh6+ Kd5 69. Rh5+ Ke4 70. Rh4+ Kf3 71. Rh3+ Kg4 0-1